Soccer training : games, drills and fitness practices /

Bibliographic Details
Main Author: Whitehead, N. J.
Other Authors: Cook, Malcolm, 1943-
Format: Book
Language:English
Published: London : A & C Black, 1997.
Edition:5th ed.
Subjects:

MARC

Tag First Indicator Second Indicator Subfields
LEADER 00000cam a2200000 a 4500
001 in00001402333
005 20151020054135.0
008 970318s1997 enkac 001 0 eng d
010 |a gb 97024233  
015 |a GB97-24233 
020 |a 0713647485 (pbk) :  |c £9.99 : Formerly CIP 
020 |a 071363832X 
035 |a (OCoLC)36746869 
035 |9 AHN0525AM 
040 |a UKM  |c UKM  |d UtOrBLW 
049 |a TXAM 
082 0 4 |a 796.334077  |2 21 
090 |a GV943.9.T7  |b W48 1997 
100 1 |a Whitehead, N. J. 
245 1 0 |a Soccer training :  |b games, drills and fitness practices /  |c Nick Whitehead and Malcolm Cook ; foreword by Alex Ferguson. 
250 |a 5th ed. 
264 1 |a London :  |b A & C Black,  |c 1997. 
300 |a 125 pages :  |b illustrations, portraits ;  |c 23 cm. 
336 |a text  |b txt  |2 rdacontent 
337 |a unmediated  |b n  |2 rdamedia 
338 |a volume  |b nc  |2 rdacarrier 
500 |a Previous edition: 1994. 
500 |a Includes index. 
650 0 |a Soccer  |x Coaching. 
650 0 |a Soccer  |x Training. 
700 1 |a Cook, Malcolm,  |d 1943- 
948 |a c:jal 
999 |a MARS 
999 f f |s ccddbbc9-8185-3a77-8221-f05d2171fdf4  |i 5bb7245e-1dbf-3a26-811f-b8ea8ae27d2b  |t 0 
952 f f |p normal  |a Texas A&M University  |b College Station  |c Sterling C. Evans Library  |d Evans: Library Stacks  |t 0  |e GV943.9.T7 W48 1997  |h Library of Congress classification  |i unmediated -- volume  |m A14822448548 
998 f f |a GV943.9.T7 W48 1997  |t 0  |l Evans: Library Stacks